| 000 | 00637nam a2200193 a 4500 | ||
|---|---|---|---|
| 001 | 000025489 | ||
| 005 | 20200930023827.0 | ||
| 008 | 110217s1982 dr 000 0 spa d | ||
| 040 |
_aDO-SdBNP _bspa _cBNPHU |
||
| 082 |
_axxxx _bR977c, 1982 |
||
| 100 | 1 |
_aRutinel Domínguez, José Ulises _936435 |
|
| 245 | 1 | 0 |
_aCategorías del materialismo histórico / _cJosé Ulises Rutinel Domínguez, Edgar de Labastida R. |
| 250 | _a2a ed. | ||
| 260 |
_aSanto Domingo : _bUASD, _c1982. |
||
| 300 |
_a142 p. ; _c21 cm. |
||
| 500 | _aIncluye datos biográficos del autor en las solapas | ||
| 700 | 1 |
_aLabastida R., Edgar de _952132 |
|
| 049 | _aBNPD | ||
| 999 |
_c24981 _d24981 |
||